The 50 most prominent mountains in the world - Statistics

General Stats
  • This quiz has been taken 297 times
  • The average score is 15 of 50
Answers on the Map
Answers color-coded by a green-red scale on the quiz's map according to % correct below.
 
Answer Stats
Prominence Height Country Answer % Correct
8,848m 8,848m China/Nepal Mount Everest
95%
6,144m 6,191m United States Denali
88%
4,017m 8,611m China/Pakistan K2
88%
5,885m 5,895m Tanzania Kilimanjaro
86%
4,695m 4,808m France/Italy Mont Blanc
85%
3,776m 3,776m Japan Mount Fuji
81%
4,741m 5,642m Russia Mount Elbrus
70%
6,962m 6,962m Argentina Aconcagua
69%
3,825m 5,199m Kenya Mount Kenya
62%
3,611m 5,137m Turkey Mount Ararat
58%
4,205m 4,205m United States Mauna Kea
53%
5,250m 5,959m Canada Mount Logan
53%
4,023m 4,393m United States Mount Rainier
53%
3,724m 3,724m New Zealand Aoraki / Mount Cook
42%
3,922m 8,586m India/Nepal Kangchenjunga
40%
4,123m 6,268m Ecuador Chimborazo
37%
3,718m 3,718m Spain Teide
34%
3,901m 4,040m Cameroon Mount Cameroon
33%
4,884m 4,884m Indonesia Puncak Jaya
32%
4,608m 8,125m Pakistan Nanga Parbat
28%
4,922m 5,636m Mexico Pico de Orizaba
28%
4,667m 5,610m Iran Mount Damavand
23%
3,951m 5,109m D.R. Congo/Uganda Mount Stanley
22%
3,688m 6,893m Argentina/Chile Ojos del Salado
18%
3,757m 4,167m Morocco Toubkal
18%
3,794m 3,794m Antarctica Mount Erebus
16%
4,892m 4,892m Antarctica Vinson Massif
16%
4,095m 4,095m Malaysia Mount Kinabalu
14%
3,957m 4,981m Venezuela Pico Bolívar
14%
5,509m 5,700m Colombia Pico Cristóbal Colón
14%
3,694m 3,694m Greenland Gunnbjørn Fjeld
10%
3,952m 3,952m Taiwan Yushan (Jade Mountain)
10%
3,997m 4,550m Ethiopia Ras Dashen
9%
4,649m 4,750m Russia Klyuchevskaya
8%
3,980m 4,220m Guatemala Volcán Tajumulco
8%
3,727m 3,820m Costa Rica Cerro Chirripó
7%
4,148m 7,439m China/Kyrgyzstan Jengish Chokusu
6%
3,955m 4,671m Canada/United States Mount Fairweather
6%
3,726m 3,726m Indonesia Mount Rinjani
6%
3,696m 4,058m Chile Monte San Valentin
5%
3,535m 4,9196m United States Mount Blackburn
5%
3,642m 7,556m China Mount Gongga
5%
3,805m 3,805m Indonesia Mount Kerinci
5%
3,676m 3,676m Indonesia Semeru
5%
3,709m 4,150m Papua New Guinea Finisterre Range
4%
3,645m 5,410m Colombia Ritacuba Blanco
4%
3,908m 7,708m Pakistan Tirich Mir
4%
4,122m 5,445m China Bogda Peak
3%
4,106m 7,782m China Namcha Barwa
3%
3,585m 7,649m China Kongur Tagh
1%
No matching quizzes found
Score Distribution
Percent of People with Each Score
Percentile by Number Answered
Your Score History
You have not taken this quiz